Statistics for Can You Name These Random Countries that Start With a Vowel

Click here to take the quiz!

General Stats

  • This quiz has been taken 1,526 times
  • The average score is 9 of 10

Answers on the Map

Answers color-coded by a green-red scale on the quiz's map according to % correct below.
 

Answer Stats

Country% Correct
India
100%
United States
100%
Argentina
99%
Iceland
99%
Italy
99%
United Kingdom
99%
Australia
98%
Indonesia
97%
Egypt
96%
Algeria
94%
Ukraine
94%
Ireland
93%
Afghanistan
91%
Austria
90%
Estonia
90%
Iraq
90%
Iran
89%
Angola
86%
Ethiopia
86%
Uruguay
84%
Albania
83%
Eritrea
83%
Israel
83%
Oman
83%
Uzbekistan
82%
United Arab Emirates
79%
Azerbaijan
78%
Armenia
77%
Ecuador
75%
Equatorial Guinea
73%
Ivory Coast
70%
Uganda
70%
East Timor
69%
El Salvador
69%
Eswatini
69%

Score Distribution

Percentile by Number Answered

Percent of People with Each Score

Your Score History

You have not taken this quiz